| 000 | 00538nam a22001697a 4500 | ||
|---|---|---|---|
| 005 | 20231130070510.0 | ||
| 008 | 231130b |||||||| |||| 00| 0 eng d | ||
| 020 | _a0869849131 | ||
| 041 | _aEnglish | ||
| 082 | _a340 VAN | ||
| 100 |
_aVan der Merwe, FE _lEnglish |
||
| 245 |
_aNotariele Praktyd : _b'n Praktiese Handleiding / _cFE Van der Merwe |
||
| 260 |
_aPretoria : _bDigma Publikasies (Edms) Bpk, _c1989 |
||
| 300 |
_bx, 384 pages ; _c26 cm. |
||
| 650 |
_aLegal practice _bLaw |
||
| 942 |
_cBK _6ALISON_BN_VRIES |
||
| 999 |
_c1070 _d1070 |
||